00441nam a22001572 4500001001100000005001700011008004100028020001700069040001500086100003300101245004100134250001200175260003000187300001700217650004900234000002002520151217161159.0110526s xx 000 0 eng d a0140515268 : aKABUcKABU1 aBlockley, David.@000018006310aCivil engineering /cDavid Blockley. a1st ed. aLondon :bPenguin,c2005. axxiv, 533 p. 0aCivil engineeringxDictionaries.@0000180064